| 000 | 00434cam a2200169ua 4500 | ||
|---|---|---|---|
| 020 | _c1.25 | ||
| 041 |
_amal _h |
||
| 082 |
_a891.812803 _bVAI/EN |
||
| 100 | _aChandrasekharan Nair, Vaikom . | ||
| 245 |
_aEnte thulasichedikal / _cVaikom Chandrasekharan Nair. _hTextual Documents |
||
| 260 |
_aThrissur : _bCurrent Books , _c1964. |
||
| 300 | _a91 ; . | ||
| 365 | _a1.25 | ||
| 504 | _a | ||
| 942 | _cBK | ||
| 999 |
_c6119 _d6119 |
||